[Event "TUR-chT 2nd League"]
[Site "Konya"]
[Date "2019.07.26"]
[Round "7.12"]
[White "Kavukcu, Mustafa"]
[Black "Bek, Emir"]
[Result "0-1"]
[WhiteElo "1767"]
[BlackElo "1783"]
[PlyCount "74"]
[EventDate "2019.07.22"]
[EventType "team-swiss"]
[EventRounds "9"]
[EventCountry "TUR"]
[SourceTitle "CBM 191 Extra"]
[Source "ChessBase"]
[SourceDate "2019.09.30"]
[SourceVersion "1"]
[SourceVersionDate "2019.09.30"]
[SourceQuality "1"]
[WhiteTeam "Pamukkale Yonetimi"]
[BlackTeam "Gulbahcesi Egitim"]
[WhiteTeamCountry "TUR"]
[BlackTeamCountry "TUR"]

1. e4 d6 2. d4 g6 3. Nc3 Bg7 4. g3 Nc6 5. Nge2 e5 6. Be3 Nf6 7. Bg2 0-0 8. 0-0 Ng4 9. d5 Nxe3 10. fxe3 Na5 11. Qd3 b6 12. b4 Nb7 13. h3 a5 14. a3 Qg5 15. Nb5 Qd8 16. Kh2 Bd7 17. Nbc3 Bh6 18. Ng1 Qg5 19. Rae1 f5 20. Rf3 Rf7 21. Ref1 Raf8 22. Nge2 Bg7 23. Qc4 Bc8 24. Ng1 h5 25. h4 Qe7 26. Nh3 Bh6 27. Qd3 Nd8 28. exf5 gxf5 29. e4 f4 30. gxf4 exf4 31. Ne2 Qxh4 32. Qd2 Bg4 33. R3f2 Rf6 34. Rf3 Bxf3 35. Rxf3 Nf7 36. Nexf4 Ne5 37. Rg3+ Ng4+ 0-1

[Event "TUR-chT 2nd League"]
[Site "Konya"]
[Date "2019.07.23"]
[Round "3.13"]
[White "Kavukcu, Mustafa"]
[Black "Bedel, Sercan Sahin"]
[Result "1-0"]
[WhiteElo "1767"]
[BlackElo "1832"]
[PlyCount "86"]
[EventDate "2019.07.22"]
[EventType "team-swiss"]
[EventRounds "9"]
[EventCountry "TUR"]
[SourceTitle "CBM 191 Extra"]
[Source "ChessBase"]
[SourceDate "2019.09.30"]
[SourceVersion "1"]
[SourceVersionDate "2019.09.30"]
[SourceQuality "1"]
[WhiteTeam "Pamukkale Yonetimi"]
[BlackTeam "Yalova Altinkale"]
[WhiteTeamCountry "TUR"]
[BlackTeamCountry "TUR"]

1. e4 c5 2. c3 e5 3. Nf3 d6 4. d4 Qc7 5. Bd3 Bg4 6. Nbd2 Nc6 7. d5 Nce7 8. h3 Bd7 9. Nf1 g6 10. g4 Bg7 11. Be3 h5 12. gxh5 Rxh5 13. h4 c4 14. Be2 Rh8 15. N1d2 b5 16. a4 f5 17. Bg5 fxe4 18. Nxe4 Nf5 19. axb5 Bxb5 20. b3 Rb8 21. bxc4 Bxc4 22. Qa4+ Kf8 23. Qxc4 Qb6 24. 0-0 Nge7 25. Ra6 Qb7 26. Nxd6 Qd7 27. Nxf5 gxf5 28. d6 Ng6 29. Qc7 Rb7 30. Qxd7 Rxd7 31. Rb1 Nf4 32. Rb8+ Kf7 33. Bc4+ Kg6 34. Rxh8 Bxh8 35. Bb5 Nh3+ 36. Kf1 Nxg5 37. Nxg5 Rd8 38. d7+ Bf6 39. Re6 Rh8 40. c4 e4 41. c5 Kg7 42. c6 Bd8 43. Re8 Bb6 1-0

[Event "TUR Cup"]
[Site "Antalya"]
[Date "2019.01.30"]
[Round "5"]
[White "Kavukcu, Mustafa"]
[Black "Akbas, Umut Ata"]
[Result "0-1"]
[WhiteElo "1729"]
[BlackElo "1939"]
[PlyCount "62"]
[EventDate "2019.01.27"]
[EventType "swiss"]
[EventRounds "11"]
[EventCountry "TUR"]
[SourceTitle "CBM 188 Extra"]
[Source "ChessBase"]
[SourceDate "2019.02.28"]
[SourceVersion "1"]
[SourceVersionDate "2019.02.28"]
[SourceQuality "1"]

1. e4 c5 2. c3 g6 3. d4 cxd4 4. cxd4 d5 5. e5 Nc6 6. Nc3 Bg7 7. h3 f6 8. f4 Nh6 9. g4 fxe5 10. fxe5 0-0 11. Bg2 e6 12. Nf3 b5 13. 0-0 Qb6 14. a3 a5 15. Be3 Bd7 16. Qd2 Nf7 17. g5 a4 18. Nh2 Na5 19. Nxd5 exd5 20. Bxd5 Be6 21. Bxa8 Nc4 22. Qe2 Rxa8 23. Ng4 Bxg4 24. hxg4 Nfxe5 25. Qg2 Rd8 26. Bf2 Nd3 27. Qf3 Nxf2 28. Rxf2 Bxd4 29. Qf7+ Kh8 30. Raf1 Ne5 31. Qf4 Nd3 0-1

[Event "TUR-chT2"]
[Site "Konya"]
[Date "2018.07.15"]
[Round "9.4"]
[White "Kavukcu, Mustafa"]
[Black "Kandaz, Berat Efe"]
[Result "1-0"]
[WhiteElo "1568"]
[BlackElo "1269"]
[PlyCount "97"]
[EventDate "2018.07.10"]
[EventType "team-swiss"]
[EventRounds "9"]
[EventCountry "TUR"]
[SourceTitle "EXT 2019"]
[Source "ChessBase"]
[SourceDate "2018.10.10"]
[SourceVersion "1"]
[SourceVersionDate "2018.10.10"]
[SourceQuality "1"]
[WhiteTeam "Pamukkale Yonetimi"]
[BlackTeam "Sakarya Buyuksehir"]
[WhiteTeamCountry "TUR"]
[BlackTeamCountry "TUR"]

1. e4 c5 2. c3 d5 3. exd5 Qxd5 4. d4 e6 5. Nf3 Nc6 6. Be3 cxd4 7. cxd4 Nf6 8. Nc3 Qd8 9. a3 a6 10. Bd3 Bd6 11. 0-0 Bd7 12. Qe2 0-0 13. Rad1 Qc7 14. Rfe1 Rac8 15. Bb1 Ne7 16. Ne4 Nxe4 17. Bxe4 h6 18. Bb1 Bb5 19. Qd2 Nd5 20. Bxh6 gxh6 21. Qxh6 f6 22. Ng5 fxg5 23. Rxe6 Rf6 24. Qxg5+ Kf7 25. Rxf6+ Nxf6 26. Qg6+ Kf8 27. Qxf6+ Kg8 28. Ba2+ Kh7 29. Bb1+ Kg8 30. Qg6+ Kh8 31. Qh6+ Kg8 32. Ba2+ Bc4 33. Bxc4+ Qxc4 34. Qg6+ Kh8 35. Qxd6 Qc1 36. Qe5+ Kg8 37. Qg3+ Kh8 38. Qe5+ Kg8 39. Qe2 Rc2 40. Rxc1 Rxe2 41. Rd1 Rxb2 42. d5 Kf8 43. d6 Ke8 44. d7+ Kd8 45. h4 Rb6 46. h5 Rb5 47. g4 Rg5 48. f3 Ra5 49. h6 1-0

[Event "EU-ch Amateur U2000"]
[Site "Niksic"]
[Date "2018.06.20"]
[Round "8"]
[White "Kavukcu, Mustafa"]
[Black "Lazarevic, Zoran1"]
[Result "1-0"]
[WhiteElo "1568"]
[BlackElo "1893"]
[PlyCount "101"]
[EventDate "2018.06.14"]
[EventType "swiss"]
[EventRounds "9"]
[EventCountry "MNE"]
[SourceTitle "EXT 2019"]
[Source "ChessBase"]
[SourceDate "2018.10.10"]
[SourceVersion "1"]
[SourceVersionDate "2018.10.10"]
[SourceQuality "1"]

1. e4 c5 2. c3 d5 3. exd5 Qxd5 4. d4 Nc6 5. Nf3 Bg4 6. Be2 cxd4 7. cxd4 e6 8. 0-0 Nf6 9. Nc3 Qd7 10. h3 Bxf3 11. Bxf3 Rd8 12. Be3 Be7 13. Qe2 0-0 14. Rfd1 Nb4 15. d5 b6 16. dxe6 Qxe6 17. a3 Nbd5 18. Nxd5 Nxd5 19. Bxd5 Rxd5 20. Rxd5 Qxd5 21. Bxb6 axb6 22. Qxe7 b5 23. Re1 h6 24. Qe5 Qd2 25. Re2 Qc1+ 26. Kh2 Rd8 27. Qxb5 Qf4+ 28. g3 Qf3 29. Re8+ Kh7 30. Rxd8 Qxf2+ 31. Kh1 Qf3+ 32. Kg1 Qxg3+ 33. Kf1 Qxh3+ 34. Ke1 Qh4+ 35. Kd2 Qxd8+ 36. Qd3+ Qxd3+ 37. Kxd3 h5 38. a4 h4 39. Ke2 h3 40. Kf2 g5 41. a5 f5 42. a6 g4 43. a7 f4 44. a8Q g3+ 45. Kg1 Kg6 46. Qe4+ Kg5 47. b4 h2+ 48. Kg2 f3+ 49. Qxf3 h1B+ 50. Kxh1 Kh4 51. Kg2 1-0

[Event "EU-ch Amateur U2000"]
[Site "Niksic"]
[Date "2018.06.18"]
[Round "6"]
[White "Kavukcu, Mustafa"]
[Black "Obadovic, Zeljko"]
[Result "1/2-1/2"]
[WhiteElo "1568"]
[BlackElo "1837"]
[PlyCount "61"]
[EventDate "2018.06.14"]
[EventType "swiss"]
[EventRounds "9"]
[EventCountry "MNE"]
[SourceTitle "EXT 2019"]
[Source "ChessBase"]
[SourceDate "2018.10.10"]
[SourceVersion "1"]
[SourceVersionDate "2018.10.10"]
[SourceQuality "1"]

1. e4 e5 2. Nf3 Nc6 3. Nc3 Nf6 4. g3 Bc5 5. Bg2 a6 6. d3 h6 7. 0-0 d6 8. h3 Be6 9. Kh2 Qd7 10. Be3 Nd4 11. Bxd4 Bxd4 12. Nxd4 exd4 13. Ne2 c5 14. c3 dxc3 15. bxc3 0-0 16. f4 Qe7 17. Qd2 Rab8 18. Ng1 Nh7 19. Nf3 f5 20. exf5 Bxf5 21. Nh4 Qf6 22. Nxf5 Qxf5 23. g4 Qf6 24. Rae1 Rfd8 25. Bd5+ Kh8 26. g5 hxg5 27. fxg5 Qxg5 28. Qxg5 Nxg5 29. Rg1 Nh7 30. Re7 Nf6 31. Rgxg7 1/2-1/2

[Event "TUR-chT 2nd League"]
[Site "Konya"]
[Date "2017.07.20"]
[Round "5.14"]
[White "Yildiz, Talat"]
[Black "Kavukcu, Mustafa"]
[Result "1/2-1/2"]
[WhiteElo "1587"]
[BlackElo "1703"]
[PlyCount "62"]
[EventDate "2017.07.17"]
[EventType "team-swiss"]
[EventRounds "9"]
[EventCountry "TUR"]
[SourceTitle "CBM 179 Extra"]
[Source "ChessBase"]
[SourceDate "2017.08.23"]
[SourceVersion "1"]
[SourceVersionDate "2017.08.23"]
[SourceQuality "1"]
[WhiteTeam "Izmir Cesme Belediye"]
[BlackTeam "Pamukkale Yonetimi"]
[WhiteTeamCountry "TUR"]
[BlackTeamCountry "TUR"]

1. e4 e5 2. Nf3 Nc6 3. Bc4 Bc5 4. c3 Nf6 5. d4 exd4 6. cxd4 Bb4+ 7. Nc3 Nxe4 8. 0-0 Bxc3 9. d5 Bf6 10. Re1 Ne7 11. Rxe4 d6 12. Bg5 Bxg5 13. Nxg5 h6 14. Qe2 hxg5 15. Rc1 Be6 16. dxe6 f6 17. Bd3 c6 18. f4 Qb6+ 19. Kh1 gxf4 20. Rxf4 0-0-0 21. Qg4 Qa5 22. b4 Qxa2 23. b5 c5 24. Ra4 Qd5 25. Qg3 c4 26. Be2 Kb8 27. Rca1 Nc8 28. e7 Nxe7 29. Rxa7 Qe4 30. b6 Kc8 31. Ra8+ Kd7 1/2-1/2

[Event "TUR-chT 2nd League"]
[Site "Konya"]
[Date "2017.07.18"]
[Round "3.7"]
[White "Bicer, Atakan Mert"]
[Black "Kavukcu, Mustafa"]
[Result "1-0"]
[WhiteElo "1863"]
[BlackElo "1703"]
[PlyCount "99"]
[EventDate "2017.07.17"]
[EventType "team-swiss"]
[EventRounds "9"]
[EventCountry "TUR"]
[SourceTitle "CBM 179 Extra"]
[Source "ChessBase"]
[SourceDate "2017.08.23"]
[SourceVersion "1"]
[SourceVersionDate "2017.08.23"]
[SourceQuality "1"]
[WhiteTeam "Genc Efe Izcilik"]
[BlackTeam "Pamukkale Yonetimi"]
[WhiteTeamCountry "TUR"]
[BlackTeamCountry "TUR"]

1. d4 d5 2. Bf4 Nf6 3. Nf3 c5 4. e3 Bf5 5. Bd3 Bg6 6. 0-0 e6 7. c3 c4 8. Bxg6 hxg6 9. Nbd2 Bd6 10. Ne5 0-0 11. b3 b5 12. bxc4 bxc4 13. Qf3 Na6 14. Bg5 Nc7 15. Rab1 Nce8 16. e4 Qc8 17. h4 Rb8 18. Rxb8 Qxb8 19. Ng4 Nxg4 20. Qxg4 f5 21. exf5 gxf5 22. Qe2 Nc7 23. Rb1 Qc8 24. Nf3 a6 25. a4 Qd7 26. Rb6 Be7 27. Bxe7 Qxe7 28. Ng5 Qa3 29. Nxe6 Nxe6 30. Qxe6+ Kh8 31. Qe5 Qxa4 32. Rb7 Qd1+ 33. Kh2 Qg4 34. Qg3 Qxg3+ 35. Kxg3 Ra8 36. Kf4 g6 37. Ke5 a5 38. Kxd5 a4 39. Rb2 a3 40. Ra2 Rb8 41. Kxc4 Rb2 42. Rxa3 Rxf2 43. d5 Rxg2 44. d6 Rd2 45. Kc5 f4 46. Ra4 f3 47. Rf4 f2 48. c4 Kg7 49. Kc6 Rc2 50. c5 1-0

[Event "Izmir op 15th"]
[Site "Izmir"]
[Date "2016.09.07"]
[Round "4"]
[White "Kavukcu, Mustafa"]
[Black "Dogan, Mire Deniz"]
[Result "0-1"]
[WhiteElo "1676"]
[BlackElo "2107"]
[PlyCount "58"]
[EventDate "2016.09.05"]
[EventType "swiss"]
[EventRounds "9"]
[EventCountry "TUR"]
[SourceTitle "CBM 174 Extra"]
[Source "ChessBase"]
[SourceDate "2016.10.10"]
[SourceVersion "1"]
[SourceVersionDate "2016.10.10"]
[SourceQuality "1"]

1. e4 c5 2. c3 d5 3. exd5 Qxd5 4. d4 Nc6 5. Nf3 Bg4 6. Be2 Nf6 7. h3 Bh5 8. c4 Qd6 9. d5 Nb4 10. Nc3 Bg6 11. 0-0 Nd7 12. Nb5 Qb8 13. d6 exd6 14. Bf4 Ne5 15. Qa4 Nbc6 16. Rfe1 f6 17. Nh4 Be7 18. Bxe5 dxe5 19. Nxg6 hxg6 20. Bd3 f5 21. Nc3 0-0 22. Nd5 Qd6 23. Qb5 Rab8 24. Rad1 a6 25. Qa4 Nd4 26. f3 Bh4 27. Re3 e4 28. fxe4 fxe4 29. Rxe4 Nf3+ 0-1